000 00458nam a2200181Ia 4500
001 24641
005 20260414151057.0
008 260414t2007||||xx |||||||||||||| ||spa||
041 _aESP
082 _a345.721
_bC23
100 _aCantuarias Salaverry, Fernando
_eAUT
245 0 _aArbitraje comercial y de las inversiones
_b
260 _c2007
300 _axxviii, 974 páginas :
_ccm.
650 _aDER
654 _aCDE
942 _cLIB
_dJUS
_fJUS
_2ddc
_n
999 _c24641
_d24641